Maailman valtiot ilman A-kirjainta - Statistics

Yleistilastot
  • Tätä visaa on pelattu 428 kertaa
  • Keskiarvotulos 8 / 29
Vastaustilastot
Hint Hint Hint A:ton Valtio % Oikein
fi 437 52 Suomi
84%
se 414.3 60.5 Ruotsi
83%
ee 439 64.8 Viro
63%
pe 208 292 Peru
43%
cl 218 384 Chile
41%
kv 427.5 118.5 Kosovo
35%
eg 447 171.3 Egypti
33%
fj 782.9 320.1 Fidži
33%
ye 488.3 208.2 Jemen
33%
tr 460.3 130.6 Turkki
31%
bj 385.7 225 Benin
30%
ch 398.4 103.5 Sveitsi
29%
lu 394.3 94.2 Luxemburg
28%
cz 414 93.8 Tšekki
28%
li 402 103.1 Liechtenstein
25%
bz 180.9 203.6 Belize
24%
bn 638.6 246.1 Brunei
24%
ph 657 220.6 Filippiinit
23%
cy 455.3 143.7 Kypros
22%
km 479.4 301.4 Komorit
18%
ne 403.3 203.9 Niger
18%
bi 447.8 272.6 Burundi
17%
me 423.7 117.8 Montenegro
17%
dj 476.4 221.6 Djibouti
15%
ls 444 360.5 Lesotho
12%
sc 505.5 277 Seychellit
12%
tl 664.3 290.8 Itä-Timor
11%
cn 615 140.9 Kiina
7%
co 216.3 247.5 Kolumbia
6%
Ehtoja vastaavia visoja ei löytynyt
Tulosjakauma
Jokaisen tuloksen saaneiden osuus
Persentiili vastausten määrän mukaan
Tuloshistoriasi
Et ole pelannut tätä visaa